000 00702nam a2200229Ia 4500
001 12450
003 GE_BSU
008 181216s||||||||xx |||||||||||||| ||und||
040 _cGE_BSU
080 _a631.1(075.32)
100 _aВильямс,В.Р.
245 _aОсновы земледелия
245 _bУчебник для подготовки сель.-хоз. кадров массовой квалификации
245 _cРед.В.Столетов
260 _aМосква
260 _bСельхозгиз
260 _c1940
300 _a189стр.илл.21см.
300 _eПриложения с.181
653 _aОсновы земледелия
942 _cBK
999 _c45624
_d45624